| 000 | 00000nam 2200000zi 4500 |
| 001 | 9.946479 |
| 003 | CaOODSP |
| 005 | 20250422102456 |
| 006 | m o d f |
| 007 | cr cn||||||||| |
| 008 | 250102t20252025qucda ob f000 0 fre d |
| 020 | |a9780660751207 |
| 040 | |aCaOODSP|bfre|erda|cCaOODSP |
| 043 | |an-cn-qu |
| 086 | 1 |aTU3-10/22-0025F-PDF |
| 110 | 2 |aBureau de la sécurité des transports du Canada.|eauteur, |eorganisme de publication. |
| 245 | 10|aSortie en bout de piste, Skyservice Business Aviation Inc., Honda Aircraft Company, LLC, HondaJet HA-420, C-FJJT, Aéroport Montréal/St-Hubert (CYHU) (Québec), 7 mars 2022. |
| 264 | 1|aGatineau QC : |bBureau de la sécurité des transports du Canada = Transportation Safety Board of Canada, |c2025. |
| 264 | 4|c©2025 |
| 300 | |a1 ressource en ligne (36 pages) : |bgraphiques, illustrations. |
| 336 | |atexte|btxt|2rdacontent/fre |
| 337 | |ainformatique|bc|2rdamedia/fre |
| 338 | |aressource en ligne|bcr|2rdacarrier/fre |
| 490 | 1 |aRapport d'enquête sur la sécurité du transport aérien ; |vA22Q0025 |
| 500 | |aPublié aussi en anglais sous le titre : Runway overrun, Skyservice Business Aviation Inc., Honda Aircraft Company, LLC, HondaJet HA-420, C-FJJT, Montréal/St-Hubert Airport (CYHU), Quebec, 7 March 2022. |
| 500 | |a« Publié le 28 janvier 2025. » |
| 504 | |aComprend des références bibliographiques. |
| 650 | 6|aAéronautique|xAccidents|xEnquêtes|zQuébec (Province) |
| 775 | 08|tRunway overrun, Skyservice Business Aviation Inc., Honda Aircraft Company, LLC, HondaJet HA-420, C-FJJT, Montréal/St-Hubert Airport (CYHU) (Quebec), 07 March 2022.|w(CaOODSP)9.946480 |
| 830 | #0|aBilan d'enquête de sécurité du transport aérien ;|vA22Q0025.|w(CaOODSP)9.845276 |
| 856 | 40|qPDF|s974 Ko|uhttps://publications.gc.ca/collections/collection_2025/bst-tsb/TU3-10-22-0025-fra.pdf |
| 856 | 4 |qHTML|sS.O.|uhttps://www.bst-tsb.gc.ca/fra/rapports-reports/aviation/2022/a22q0025/a22q0025.html |